Le lingue straniere nella scuola
Gardado en:
| Autor Principal: | |
|---|---|
| Formato: | Libro |
| Idioma: | Undetermined |
| Publicado: |
Milan, Italia
UTET
2007
|
| Materias: | |
| Etiquetas: |
Engadir etiqueta
Sen Etiquetas, Sexa o primeiro en etiquetar este rexistro!
|
MARC
| LEADER | 00000nam a2200000Ia 4500 | ||
|---|---|---|---|
| 008 | 170316s9999 xx 000 0 und d | ||
| 090 | |a 415-It S-1L | ||
| 100 | |a Serragiotto, Graziano | ||
| 245 | |a Le lingue straniere nella scuola | ||
| 260 | |a Milan, Italia | ||
| 260 | |b UTET | ||
| 260 | |c 2007 | ||
| 300 | |a 258 páginas | ||
| 650 | |a GRAMÁTICA ITALIANA | ||
| 650 | |a EN IDIOMA FRANCÉS | ||
| 650 | |a LENGUA EXTRANJERA | ||
| 650 | |a DIDÁCTICA | ||
| 999 | |c 19599 |d 19599 | ||
| 040 | |a cru BVZT | ||
| 942 | |c 15 D |h 415-It S-1L |2 z | ||
